000 00674nam a2200253Ia 4500
003 OSt
005 20220918195030.0
006 a|||||r|||| 00| 0
007 ta
008 220917b |||||||| |||| 00| 0 eng d
024 _a83,063
037 _cTextual
040 _aARTS
_cARTS
_beng
041 _2eng
_aeng
082 _aS1-6:86, L21
100 _aQuay Herbert ed
_988567
245 0 _aPsychopathological disorders of childhood
260 _c1972
490 _aSeries in psychology
650 _aPSYCHOLOGY
700 _a Werry John S ed
_988568
942 _hS1-6:86, L21
_cTEXL
_2CC
999 _c206778
_d206778